Normal view
MARC view
Entry Nome pessoal
001 - NÚMERO DE CONTROLE
- campo de controle: 486
003 - IDENTIFICADOR DO NÚMERO DE CONTROLE
- campo de controle: Br
005 - DATA E HORÁRIO DA ÚLTIMA TRANSAÇÃO
- campo de controle: 20250225093822.0
008 - CAMPO DE DADOS FIXOS
- campo de controle de tamanho fixo: 101201|| acnacaban aaaa d
035 ## - NÚMERO DE CONTROLE DO SISTEMA
- Número de Controle do Sistema: 2010120112382706med
040 ## - FONTE DA CATALOGAÇÃO
- Instituição da catalogação original: blrjbn
- Instituição que transcreveu o registro: blrjbn
100 1# - CABEÇALHO--NOME PESSOAL
- Nome pessoal: Inácio, Celso Batista
- Datas associadas ao nome: 1953-
400 1# - REMISSIVA VER--NOME PESSOAL
- Nome pessoal: Batista Inácio, Celso
670 ## - FONTE POSITIVA DOS DADOS
- Citação da fonte positiva dos dados: Autor de: O poder de suas palavras. 2009.
675 ## - FONTE NEGATIVA DOS DADOS
- Citação da fonte positiva dos dados: http://authorities.loc.gov
- Citação da fonte positiva dos dados: EDA 01/12/10
- Citação da fonte positiva dos dados: CNPq 01/12/10